=LDR 00000nam 2200000 4500 =001 INLIS000000000035735 =005 20150504114115.0 =006 =007 =008 iND =035 ##$$0010-061300000035735 =041 ##$$a iND =082 ##$$a 428 =090 ##$$a 428, Nor w =100 ##$$a Norman, Susan =245 ##$$a We're in Business, English for commercial practice and international trade =260 ##$$a 2000 $b Logman =300 ##$$a vi, 138 cm, ilus, 25 cm =650 ##$$a Students' Book =850 ##$$a NBPNMAT =990 ##$$a 0001/BPAP-NTB/20142014